Estadísticas para Los fichajes más caros del fútbol - Futbolistas suecos

Haz click aquí para intentar la prueba.

Estadísticas generales

  • Esta prueba ha sido intentada 27 veces
  • La puntuación promedio es 8 de 10

Estadísticas de respuestas

Coste (M €)TemporadaÚltimo clubNuevo clubJugador% Correcto
69,502009-2010InterFC BarcelonaZlatan Ibrahimović
96%
24,802006-2007JuventusInterZlatan Ibrahimović
96%
24,002011-2012FC BarcelonaAC MilanZlatan Ibrahimović
96%
21,002012-2013AC MilanPSGZlatan Ibrahimović
96%
70,002022-2023Real SociedadNewcastle UnitedAlexander Isak
92%
39,002019-2020AtalantaJuventusDejan Kulusevski
75%
30,002023-2024JuventusTottenhamDejan Kulusevski
75%
35,002017-2018BenficaManchester UnitedVictor Lindelöf
67%
17,502023-2024Manchester UnitedNottingham ForestAnthony Elanga
38%
21,002023-2024Coventry CitySporting LisboaViktor Gyökeres
29%

Distribución de puntuación

Porcentaje por número respondido

Porcentaje de gente con cada puntuación

Historial de tus puntuaciones

No has intentado esta prueba.